| 000 | 02378nam a2200601 i 4500 | ||
|---|---|---|---|
| 001 | 42171 | ||
| 003 | KOSZ 005 | ||
| 005 | 20221014143917.0 | ||
| 008 | 030606s2001 pl a |000 0 pol | ||
| 015 | _aUWD 2005/6944 | ||
| 020 | _a8387745219 | ||
| 035 | _a991018419719705066 | ||
| 035 | _a(PL-WaBN)b14992917-48omnis_nlop | ||
| 035 | _ab14992917 | ||
| 035 | _a(OCoLC)830316845 | ||
| 035 | _azz2002954008 | ||
| 035 | _a(PL)b0000001499291 | ||
| 035 | _a(EXLNZ-48OMNIS_NETWORK)9910125220405606 | ||
| 040 |
_aWA N _cWA N _dKOSZ 005/HR |
||
| 041 | 0 |
_apol _beng |
|
| 046 | _k2001 | ||
| 080 | _a533.9 | ||
| 080 | _a621.791/.795 | ||
| 080 | _a669.1 | ||
| 080 | _a621.78 | ||
| 080 | _a542 | ||
| 100 | 1 |
_aNitkiewicz, Zygmunt _eAutor |
|
| 245 | 1 | 0 |
_aWykorzystanie łukowych źródeł plazmy w inżynierii powierzchni / _cZygmunt Nitkiewicz. |
| 260 |
_aCzęstochowa : _bWydawnictwo WIPMiFS, _c2001. |
||
| 300 |
_a139 s. : _bil. (w tym kolor.) ; _c24 cm. |
||
| 336 |
_aTekst _btxt _2rdacontent |
||
| 337 |
_aBez urządzenia pośredniczącego _bn _2rdamedia |
||
| 338 |
_aWolumin _bnc _2rdacarrier |
||
| 380 | _aKsiążki | ||
| 388 | _a2001- | ||
| 490 | 1 |
_aInżynieria Materiałowa / Politechnika Częstochowska. Wydział Metalurgii i Inżynierii Materiałowej ; _vnr 3 |
|
| 490 | 1 | _aPrace Naukowe Wydziału Metalurgii i Inżynierii Materiałowej / Politechnika Częstochowska | |
| 500 | _aNa s. tyt. odmienna nazwa serii: Prace Naukowe - Wydział Metalurgii i Inżynierii Materiałowej. | ||
| 504 | _aBibliogr. przy rozdz. | ||
| 546 | _aStreszcz. ang. | ||
| 650 | 7 |
_aInżynieria powierzchni _2DBN |
|
| 650 | 7 |
_aKrystalizacja _2DBN |
|
| 650 | 7 | _aObróbka cieplna | |
| 650 | 7 |
_aPlazmotron _2DBN |
|
| 650 | 7 |
_aStal _2DBN |
|
| 658 | _aInżynieria i technika | ||
| 710 | 2 |
_aWydawnictwo Wydziału Inżynierii Procesowej, Materiałowej i Fizyki Stosowanej (Politechnika Częstochowska) _4pbl |
|
| 830 | 0 |
_aInżynieria Materiałowa - Politechnika Częstochowska. Wydział Metalurgii i Inżynierii Materiałowej _vnr 3 |
|
| 830 | 0 | _aPrace Naukowe Wydziału Metalurgii i Inżynierii Materiałowej - Politechnika Częstochowska | |
| 856 |
_uhttp://koha.tu.koszalin.pl/cgi-bin/koha/opac-detail.pl?biblionumber=42171 _yKatalog online BPK |
||
| 942 |
_2UKD _cKS |
||
| 999 |
_c42171 _d42171 |
||